MARC

LEADER 00000nam0a2200000 4500
001 147028
005 20231031144900.0
010 |a 5270009048 
035 |a (RuTPU)RU\TPU\book\159368 
090 |a 147028 
100 |a 20081107d1990 m y0rusy50 ca 
101 1 |a rus  |c fiu 
102 |a RU 
105 |a y z 000ay 
200 1 |a Старый Мултан  |e роман  |f М. Т. Петров  |g пер. с удмурт. А. Дмитриева и автор 
210 |a Москва  |c Современник  |d 1990 
215 |a 368 с. 
225 1 |a Библиотека литератур народов Поволжья и Приуралья 
610 1 |a советская литература 
610 1 |a Удмуртия 
610 1 |a романы 
675 |a 894.533  |v 3 
700 1 |a Петров  |b М. Т.  |g Михаил Трофимович 
702 1 |a Дмитриева  |b А.  |4 730 
801 1 |a RU  |b 63413507  |c 20081107  |g PSBO 
942 |c BK